Hombres justos. Del patriarcado a las nuevas masculinidades.
Uloženo v:
| Hlavní autor: | |
|---|---|
| Další autoři: | |
| Médium: | Neznámo |
| Jazyk: | angličtina |
| Vydáno: |
Barcelona, España:
Libros del Zorzal; Anagrama,
2020.
|
| Vydání: | Primera edición. |
| Edice: | Anagrama Argumentos,
|
| Témata: | |
| Tagy: |
Přidat tag
Žádné tagy, Buďte první, kdo vytvoří štítek k tomuto záznamu!
|
MARC
| LEADER | 00000 a2200000 4500 | ||
|---|---|---|---|
| 003 | CL-VaPUC | ||
| 005 | 20230427082919.0 | ||
| 008 | 230424b ||||| |||| 00| 0 eng d | ||
| 999 | |c 440129 |d 440127 | ||
| 020 | |a 978-84-339-6462-5 | ||
| 040 | |c Pontificia Universidad Católica de Valparaíso | ||
| 082 | |2 22 |a 305.3 JAB 2020 | ||
| 100 | |a Jablonka, Iván |9 880547 |e autor | ||
| 245 | |a Hombres justos. |b Del patriarcado a las nuevas masculinidades. | ||
| 250 | |a Primera edición. | ||
| 260 | |a Barcelona, España: |b Libros del Zorzal; |b Anagrama, |c 2020. | ||
| 300 | |a 456 páginas. | ||
| 490 | |a Anagrama Argumentos, |n 551. | ||
| 583 | |k GC |c 20230424 | ||
| 650 | 0 | |9 399613 |a Patriarcado |x Orígenes históricos | |
| 650 | 0 | |9 412527 |a Masculinidad |x Historia | |
| 650 | 0 | |9 318163 |a Hombres |v Historia |x Roles sociales | |
| 650 | 0 | |9 257649 |a Mujeres |v Análisis histórico |x Roles sociales | |
| 700 | |9 881761 |a Blanco, Agustina |e traducción | ||
| 942 | |2 ddc |c BK | ||
| 952 | |0 0 |1 0 |2 ddc |4 0 |6 305_300000000000000_JAB_2020 |7 0 |8 A |9 589727 |a BIBHIS |b BIBHIS |c GEN |d 2023-04-20 |e 3 |g 18440.50 |i 5656954 |l 1 |o 305.3 JAB 2020 |p 5656954 |r 2025-01-20 |s 2023-04-28 |t 1 |v 18440.50 |w 2023-04-20 |y BK |k HIS | ||